000 01007nam a2200361 a 4500
003 AR-BaBNM
005 20251128204529.0
008 082120s2002 ||||||||||||||000 | spa||
040 _cAR-BaBNM
100 1 _aGabel, Joseph
245 0 0 _aSociología de la alienación
260 _aBuenos Aires
_bAmorrortu
_c1970
300 _a223 p.
_btablas
490 0 _aBiblioteca de sociología
500 _aTraducido por Noemí Fiorito de Labrune
500 _aContiene referencias bibliográficas
600 0 4 _aHegel
600 1 4 _aFeurbach, Ludwing
600 1 4 _aWebwe, Max
650 4 _aALIENACION [SOCIOLOGIA]
650 4 _aMARGINALIDAD SOCIAL
650 4 _aTOTALITARISMO
650 4 _aPSICOPATOLOGIA
650 4 _aSEXUALIDAD
650 4 _aSISTEMAS POLITICOS
650 4 _aESCUELAS FILOSOFICAS
650 4 _aANTROPOLOGIA CULTURAL Y SOCIAL
650 4 _aEPISTEMOLOGIA
650 4 _aSOCIOLOGIA DEL CONOCIMIENTO
800 1 _aRigal, Luis A.
_edirector
942 _cBK
998 _cGrace
999 _c7798
_d7798